000 00198nam a2200085Ia 4500
008 120527s9999 xx 000 0 und d
100 _aEvans, O.C
245 _aThe Subject of Consciouness
942 _cBK
999 _c27635
_d27635